LEADER 02710nam 2200589Ia 450 001 9910451439703321 005 20200520144314.0 010 $a1-280-83490-0 010 $a0-19-534986-5 035 $a(CKB)1000000000415372 035 $a(EBL)430766 035 $a(OCoLC)252665096 035 $a(SSID)ssj0000258641 035 $a(PQKBManifestationID)11215834 035 $a(PQKBTitleCode)TC0000258641 035 $a(PQKBWorkID)10274910 035 $a(PQKB)10788357 035 $a(MiAaPQ)EBC430766 035 $a(Au-PeEL)EBL430766 035 $a(CaPaEBR)ebr10269129 035 $a(CaONFJC)MIL83490 035 $a(EXLCZ)991000000000415372 100 $a20000320d2001 uy 0 101 0 $aeng 135 $aur|n|---||||| 181 $ctxt 182 $cc 183 $acr 200 10$aThinking about sexual harassment$b[electronic resource] $ea guide for the perplexed /$fMargaret A. Crouch 210 $aOxford ;$aNew York $cOxford University Press$dc2001 215 $a1 online resource (324 p.) 300 $aDescription based upon print version of record. 311 $a0-19-514377-9 311 $a0-19-514030-3 320 $aIncludes bibliographical references (p. 295-308) and index. 327 $aContents; 1 Introduction; PART I: THE HISTORY OF SEXUAL HARASSMENT; 2 The Conception of Sexual Harassment; 3 The Legal Conception of Sexual Harassment; 4 Sexual Harassment and Empirical Research; PART II: THEORETICAL ISSUES; 5 Philosophical Conceptions of Sexual Harassment; 6 Legal Issues; 7 Conclusion; Notes; Bibliography; Index; A; B; C; D; E; F; G; H; I; J; K; L; M; N; O; P; Q; R; S; T; U; V; W 330 $aThis illuminating work on one of today's most provocative issues provides all the necessary information for careful, critical thinking about the concept of sexual harassment. Consisting mainly of two parts, it first traces the construction of the concept of sexual harassment from the original public uses of the term to its definitions in the law, in legal cases, and in empirical research. It then analyzes philosophical definitions of sexual harassment and a number of issues that have arisen in the law, including the reasonable woman standard and whether same-sex harassment should be considered 606 $aSexual harassment 606 $aSexual ethics 608 $aElectronic books. 615 0$aSexual harassment. 615 0$aSexual ethics. 676 $a305.3 676 $a306.7 700 $aCrouch$b Margaret A.$f1956-$0993337 801 0$bMiAaPQ 801 1$bMiAaPQ 801 2$bMiAaPQ 906 $aBOOK 912 $a9910451439703321 996 $aThinking about sexual harassment$92274445 997 $aUNINA LEADER 02534nas 2200805- 450 001 9910307941303321 005 20241130213016.0 011 $a1976-7951 035 $a(DE-599)ZDB2545937-5 035 $a(OCoLC)244307124 035 $a(CKB)1000000000489034 035 $a(CONSER)--2019207045 035 $a(EXLCZ)991000000000489034 100 $a20080822a20089999 s-- a 101 0 $aeng 135 $aur|n||||||||| 181 $ctxt$2rdacontent 182 $cc$2rdamedia 183 $acr$2rdacarrier 200 00$aAsia-Pacific journal of atmospheric sciences 210 1$a[Seoul, Korea] :$cKorean Meteorological Society and Springer 215 $a1 online resource 300 $aRefereed/Peer-reviewed 311 08$a1976-7633 517 1 $aAPJAS 531 $aASIA-PAC. J. ATMOSPHERIC SCI. 531 $aAPJAS 531 $aASIA-PAC J ATMOS SCI 531 $aPAC J ATMOS SCI 531 $aASIA-PAC. J. ATMOS. SCI 531 1 $aAsia-Pac. j. atmospheric sci. 531 00$aAsia-Pacific J. Atmos. Sci. 606 $aAtmospheric science$zAsia$vPeriodicals 606 $aAtmospheric science$zPacific Area$vPeriodicals 606 $aMeteorology$zAsia$vPeriodicals 606 $aMeteorology$zPacific Area$vPeriodicals 606 $aClimatology$vPeriodicals 606 $aEnvironmental sciences$vPeriodicals 606 $aEnvironmental sciences$2fast$3(OCoLC)fst00913474 606 $aClimatology$2fast$3(OCoLC)fst00864281 606 $aAtmospheric science$2fast$3(OCoLC)fst02003481 606 $aMeteorology$2fast$3(OCoLC)fst01018441 606 $aMeteorologia$2thub 606 $aFísica atmosfèrica$2thub 606 $aQuímica atmosfèrica$2thub 607 $aPacific Area$2fast 607 $aAsia$2fast 607 $aKorea$2fast 607 $aCorea$2thub 608 $aPeriodicals.$2fast 608 $aRevistes electròniques.$2thub 615 0$aAtmospheric science 615 0$aAtmospheric science 615 0$aMeteorology 615 0$aMeteorology 615 0$aClimatology 615 0$aEnvironmental sciences 615 7$aEnvironmental sciences. 615 7$aClimatology. 615 7$aAtmospheric science. 615 7$aMeteorology. 615 7$aMeteorologia. 615 7$aFísica atmosfèrica. 615 7$aQuímica atmosfèrica. 676 $a551.505 712 02$aHan?guk Kisang Hanhoe. 906 $aJOURNAL 912 $a9910307941303321 996 $aAsia-Pacific journal of atmospheric sciences$92200515 997 $aUNINA